000 02641cam a22003974a 4500
001 000018891
005 20200929165858.0
008 051121s2006 nyuab b 000 1 eng
010 _a2005034245
015 _aGBA635809
_2bnb
016 7 _a013436694
_2Uk
020 _a0231138024 (cloth : alk. paper)
020 _a0231510837 (electronic)
020 _a9780231138024
035 _a(OCoLC)ocm62330897
040 _aDO-SdBNP
_cDLC
_dBAKER
_dUKM
_dC#P
_dKUT
_dYUS
_dCOO
_dVP@
_dYDXCP
_dOCLCQ
_dDLC
041 1 _aeng
_hjpn
042 _apcc
043 _aa-ja---
050 0 0 _aPL790
_b.H42 2006
130 0 _aHeike monogatari.
_lEnglish.
_kSelections.
_940670
245 1 4 _aThe tales of the Heike /
_ctranslated by Burton Watson ; edited, with an introduction, by Haruo Shirane.
260 _aNew York :
_bColumbia University Press,
_cc2006.
300 _avii, 216 p. :
_bill., map ;
_c24 cm.
440 0 _aTranslations from the Asian classics
_940671
504 _aIncludes bibliographical references (p. [195]-208).
500 _aTranslated from the Japanese.
505 0 _aIntroduction -- book 1: The bells of Gion Monastery ; Night attack at Courtiers' Hall ; The sea bass ; Page-boy cuts ; Kiyomori's flowering fortunes ; Gio -- book 2: The admonition ; Signal fires ; The death of the senior counselor ; Yasuyori's prayer -- book 3: The pardon ; The foot-drumming ; Ario ; The death of Shunkan -- book 4: The battle at the bridge -- book 5: The burning of Nara -- book 6: The death of Kiyomori -- book 7: Sanemori ; Tadanori leaves the capital ; The flight from Fukuhara -- book 8 [summary] -- book 9: The death of Lord Kiso ; The old horse ; The attack from the cliff ; The death of Tadanori ; The capture of Shigehira ; The death of Atsumori -- book 10: Regarding the precepts ; Senju-no-mae ; Yokobue ; Koremori becomes a monk ; Koremori drowns himself -- book 11: The death of Tsuginobu ; Nasu no Yoichi ; The lost bow ; The cockfights and the battle of Dan-no-ura ; Far-flying arrows ; The drowning of the former emperor -- book 12: The execution of Rokudai -- The initiates' book: The imperial lady becomes a nun ; The move to Ohara ; The retired emperor visits Ohara ; The six paths of existence ; The death of the imperial lady -- Glossary of characters.
600 3 0 _aTaira family
_vFiction.
_940672
651 0 _aJapan
_xHistory
_yGempei Wars, 1180-1185
_vFiction.
_940673
700 1 _aWatson, Burton,
_d1925-
_940674
700 1 _aShirane, Haruo,
_d1951-
_940675
856 4 1 _3Table of contents
_uhttp://www.loc.gov/catdir/toc/ecip063/2005034245.html
910 _aCatalogación derivada / LC
082 0 0 _a895.6/32
_222
999 _c18409
_d18409